Anatomy of a Camera - Statistics

General Stats
  • This quiz has been taken 19 times
  • The average score is 3 of 5
Answers on the Map
Answers color-coded by a green-red scale on the quiz's map according to % correct below.
 
Answer Stats
Answer % Correct
Lens
86%
Mirror
64%
Body
50%
Pentaprism
50%
Sensor
50%
No matching quizzes found
Score Distribution
Percent of People with Each Score
Percentile by Number Answered
Your Score History
You have not taken this quiz